000 00667nam a2200241Ia 4500
003 OSt
005 20220925221739.0
006 a|||||r|||| 00| 0
007 ta
008 220923b |||||||| |||| 00| 0 eng d
020 _a0177112018
037 _cGeneral Book
040 _aRTL
_cRTL
_beng
041 _2eng
_aeng
082 _aX93, L3
100 _aWebb Michael G.
_9285760
245 0 _aEconomics of nationalized industries
_b A theoretic
260 _aLondon
_bNelson U. K.
_c1973
300 _aviii, 167p.
_ccm.
650 _aPublic Sector Economics
942 _hX93, L3
_cGB
_2CC
999 _c575245
_d575245